[Event "Mittelrhein Verbandsliga-O 16/17"]
[Site "Nordrheinwestfalen"]
[Date "2016.11.27"]
[Round "4"]
[White "Rosenkraenzer, Torsten"]
[Black "Chtcherbatow, Zakhar"]
[Result "1/2-1/2"]
[WhiteElo "1982"]
[BlackElo "1750"]
[PlyCount "102"]
[EventDate "2016.09.11"]
[EventType "team-tourn"]
[EventRounds "11"]
[EventCountry "GER"]
[SourceTitle "EXT 2022"]
[Source "ChessBase"]
[SourceDate "2021.10.06"]
[SourceVersion "1"]
[SourceVersionDate "2021.10.06"]
[SourceQuality "1"]
[WhiteTeam "Koeln Lasker II"]
[BlackTeam "Porz SG IV"]
[WhiteTeamCountry "GER"]
[BlackTeamCountry "GER"]

1. d4 d5 2. c4 e6 3. Nc3 Nf6 4. cxd5 exd5 5. Bg5 Be7 6. Qc2 c6 7. e3 Nbd7 8. Bd3 h6 9. Bf4 Nf8 10. Nf3 Ne6 11. Bg3 Bd6 12. Ne5 Bxe5 13. Bxe5 0-0 14. 0-0-0 b5 15. f3 a5 16. g4 a4 17. h4 Nd7 18. Bd6 Re8 19. f4 Nb8 20. Bxb8 Rxb8 21. g5 h5 22. f5 Nf8 23. e4 dxe4 24. Bxe4 Qd6 25. Rhe1 Bd7 26. Kb1 Rb6 27. Qf2 Ra6 28. Bc2 Raa8 29. Ne4 Qb4 30. Qd2 Qxd2 31. Nxd2 Rxe1 32. Rxe1 Re8 33. Rxe8 Bxe8 34. Be4 g6 35. Nf3 gxf5 36. Bxf5 Ng6 37. Kc2 Kf8 38. Kd3 Ke7 39. Ke4 Kd6 40. Bxg6 fxg6 41. Ne5 Ke6 42. b3 axb3 43. axb3 Kd6 44. b4 Ke6 45. Nd3 Kd6 46. Nf4 Bf7 47. Ke3 Be8 48. Kd3 Bf7 49. Ke4 Bd5+ 50. Ke3 Bf7 51. Ke4 Bd5+ 1/2-1/2

[Event "Mittelrhein Regionalliga 15/16"]
[Site "Nordrheinwestfalen"]
[Date "2015.10.18"]
[Round "2.8"]
[White "Chtcherbatow, Zakhar"]
[Black "Graf, Peter"]
[Result "0-1"]
[WhiteElo "1700"]
[BlackElo "1905"]
[PlyCount "74"]
[EventDate "2015.09.27"]
[EventType "team-tourn"]
[EventRounds "9"]
[EventCountry "GER"]
[SourceTitle "EXT 2022"]
[Source "ChessBase"]
[SourceDate "2021.10.06"]
[SourceVersion "1"]
[SourceVersionDate "2021.10.06"]
[SourceQuality "1"]
[WhiteTeam "Porz SG III"]
[BlackTeam "Koeln SF II"]
[WhiteTeamCountry "GER"]
[BlackTeamCountry "GER"]

1. e4 c5 2. Nf3 d6 3. d4 cxd4 4. Nxd4 Nf6 5. Nc3 g6 6. Be3 Bg7 7. h3 0-0 8. Be2 Nc6 9. Qd2 Bd7 10. 0-0 Rc8 11. Kh1 Ne5 12. f4 Nc4 13. Bxc4 Rxc4 14. b3 Rc8 15. Nf3 Nh5 16. Bd4 Ng3+ 17. Kh2 Nxf1+ 18. Rxf1 Bxd4 19. Qxd4 Qb6 20. Nd5 Qxd4 21. Nxe7+ Kg7 22. Nxd4 Rce8 23. Nd5 Rxe4 24. c3 Be6 25. Nc7 a6 26. f5 gxf5 27. Nxf5+ Bxf5 28. Rxf5 Re5 29. Rxe5 dxe5 30. Nd5 Rd8 31. c4 f5 32. Kg3 Kf7 33. Kf3 Ke6 34. a4 Rxd5 35. cxd5+ Kxd5 36. g4 fxg4+ 37. hxg4 Kd4 0-1